00539nam a2200181Ia 4500008004100000020002000041041000800061082001600069100001600085245003000101260004600131300000800177365001200185650002100197942001200218999001900230952010800249140306s9999 xx 000 0 und d a0 19 563921 9 aeng a954bBAS/CU aBasham, A L aCultural history of India aNew DelhibOxford University Pressc 1997 a585 bRs .395 aHistory -culture 2ddccBK c180439d180439 00102ddc4070aKAUCBVbKAUCBVd2004-07-02g395.00l0o954 BAS/CUr2014-03-22 00:00:00w2014-03-22yBK